| 000 | 00598nam a2200229Ia 4500 | ||
|---|---|---|---|
| 005 | 20250425162822.0 | ||
| 008 | 250425s9999 xx 000 0 und d | ||
| 020 | _a0306371839 | ||
| 041 | _aeng | ||
| 044 | _a-us | ||
| 100 | _aFRANKS, FELIX | ||
| 245 | 0 | _aWATER: A COMPREHENSIVE TREATISE. VOLUME 3 (AQUEOUS SOLUTIONS OF SIMPLE ELECTROLYTES) | |
| 250 | _a1ST ED. | ||
| 264 |
_aEstados Unidos, NEW YORK _bPLENUM PRESS _c1977. |
||
| 300 | _a472 | ||
| 362 | _a3 | ||
| 650 | _aELECTROLITOS | ||
| 650 | _aESPECTROSCOPIA | ||
| 650 | _aQUIMICA INORGANICA | ||
| 942 | _c01 | ||
| 010 | _a110244 | ||
| 999 |
_c237085 _d237085 |
||